000 00980nam a2200253Ia 4500
003 OSt
005 20221005111728.0
006 a|||||r|||| 00| 0
007 ta
008 221004b |||||||| |||| 00| 0 san d
024 _a32869
037 _cTextual
040 _aCRL
_cCRL
_bsan
041 _2san
_asan
082 _aO15,2D35:g, 152L2
100 _aशास्त्री, नेमिचन्द्र
245 0 _aमहाकवि भास
_b संस्कृत के आदि नाटककार
246 _aMahākavi bhāsa: sanskṛut ke ādi nāṭakakāra
260 _aभोपाल
_bमध्यप्रदेश हिन्दी ग्रन्थ अकादमी भारत
_c1972
300 _a565पृ.
_ccm.
650 _aसंस्कृत साहित्य
942 _hO15,2D35:g, 152L2
_cTEXL
_2cc
999 _c1022719
_d1022719